[Event "Titled Tue 3rd Jun Early"]
[Site "chess.com INT"]
[Date "2025.06.03"]
[Round "9"]
[White "Antoniou, Rafail"]
[Black "Thorhallsson, Simon"]
[Result "0-1"]
[WhiteTitle "CM"]
[BlackTitle "FM"]
[WhiteElo "2134"]
[BlackElo "2218"]
[WhiteFideId "5904390"]
[BlackFideId "2310090"]
[EventDate "2025.06.03"]

1. e4 g6 2. Nf3 Bg7 3. Nc3 d6 4. h3 Nf6 5. d4 O-O 6. Be2 Nc6 7. O-O e5 8. Be3
exd4 9. Nxd4 Re8 10. Nxc6 bxc6 11. Qd3 a5 12. Bf3 Ba6 13. Qd2 Bxf1 14. Rxf1 Nd7
15. Be2 Qe7 16. Bd3 Rab8 17. b3 Qe5 18. Ne2 a4 19. Bd4 Qe7 20. Bxg7 Kxg7 21.
Qc3+ Qe5 22. Qxc6 Nc5 23. Qxc7 axb3 24. axb3 Nxd3 25. cxd3 Rxb3 26. Qc4 Reb8 27.
Nc1 Rc3 28. Qa6 Rb1 29. Ne2 Rxf1+ 30. Kxf1 Rb3 31. Qa2 Rxd3 32. Ng3 Rd1+ 33. Ke2
Qd4 34. Qc2 Ra1 35. Nf1 Ra5 36. Nd2 Rc5 37. Qd3 Qxd3+ 38. Kxd3 Ra5 39. Ke3 Kf6
40. g3 Ke6 41. h4 d5 42. exd5+ Kxd5 43. Kf3 Ra2 44. Nf1 h5 45. Ne3+ Kd4 46. Kg2
Re2 47. Nf1 Kd3 48. Nh2 Kd2 49. Nf3+ Kd1 50. Kf1 Ra2 51. Ne5 Ra7 52. Nf3 f6 53.
Nh2 Ra1 54. Nf3 Rb1 55. Nh2 Kd2+ 56. Kg2 Ke2 57. Nf3 Rb2 58. Nd4+ Ke1 59. Nf3+
Kd1 60. Nd4 g5 61. hxg5 fxg5 62. Nf3 g4 63. Ng5 Ke1 64. Ne4 Re2 65. Nf6 Rxf2+
66. Kg1 Rxf6 0-1

[Event "Titled Tue 3rd Jun Early"]
[Site "chess.com INT"]
[Date "2025.06.03"]
[Round "9"]
[White "Salonen, Aku"]
[Black "Shafer, Logan C"]
[Result "1-0"]
[WhiteTitle "FM"]
[BlackTitle "CM"]
[WhiteElo "2314"]
[BlackElo "2291"]
[WhiteFideId "517577"]
[BlackFideId "30993342"]
[EventDate "2025.06.03"]

1. e4 e5 2. Nf3 Nc6 3. Bb5 a6 4. Ba4 Nf6 5. d3 d6 6. O-O Bd7 7. c3 g6 8. Re1 Bg7
9. Nbd2 O-O 10. Nf1 Nh5 11. Ng3 Nxg3 12. hxg3 b5 13. Bb3 Bg4 14. Bd5 Qd7 15.
Bxc6 Qxc6 16. Nxe5 dxe5 17. Qxg4 Rad8 18. Qe2 f5 19. f3 fxe4 20. dxe4 Rf7 21.
Bg5 Rd6 22. Rad1 Rfd7 23. Be3 Bf8 24. Kf2 Rd8 25. Rxd6 Qxd6 26. Qc2 c5 27. Ke2
c4 28. Rd1 Qc7 29. Rxd8 Qxd8 30. Qd2 Qxd2+ 31. Kxd2 Kf7 32. b3 cxb3 33. axb3 a5
34. Kd3 Ke6 35. g4 Kd6 36. c4 Kc6 37. Bd2 b4 38. g3 Bd6 39. f4 Bc7 40. Be3 Kd6
41. f5 Kc6 42. g5 Kd6 43. g4 Kc6 44. f6 Bd6 45. c5 Bf8 46. Kc4 Kc7 47. Kb5 Kd7
48. c6+ Kc7 49. Bb6+ Kb8 50. Bxa5 Ka7 51. Bxb4 Kb8 1-0

[Event "Titled Tue 3rd Jun Early"]
[Site "chess.com INT"]
[Date "2025.06.03"]
[Round "9"]
[White "Kulnev, Aleksandr"]
[Black "Aravindhan, Achyuth"]
[Result "1-0"]
[WhiteTitle "CM"]
[BlackTitle "CM"]
[WhiteElo "2213"]
[BlackElo "2098"]
[WhiteFideId "54157544"]
[BlackFideId "1084216"]
[EventDate "2025.06.03"]

1. d4 Nf6 2. c4 g6 3. Nf3 Bg7 4. g3 O-O 5. Bg2 d6 6. Nc3 Nc6 7. d5 Na5 8. b3 c5
9. Bb2 Rb8 10. Qc2 a6 11. O-O b5 12. Nd2 Bd7 13. Rab1 h5 14. h3 e6 15. e4 exd5
16. cxd5 Re8 17. Rfe1 Qc8 18. Kh2 c4 19. b4 Nb7 20. Ne2 Qc7 21. Bc3 Nh7 22. Nd4
Nd8 23. f4 f6 24. Qb2 Nf7 25. Rbd1 Re7 26. f5 g5 27. Ne6 Bxe6 28. fxe6 Ne5 29.
Rf1 Rf8 30. Nf3 Ree8 31. Nd4 Kh8 32. Nf5 Rg8 33. Qe2 g4 34. Bxe5 fxe5 35. hxg4
hxg4 36. Qxg4 Bf6 37. Qe2 Rg5 38. Nh6 Kg7 39. Nf5+ Kh8 40. Rh1 Qb6 41. Rdf1 Rg6
42. Bf3 Reg8 43. Bh5 Rg5 44. Kg2 c3 45. Bf7 Rf8 46. Rxh7+ Kxh7 47. Rh1+ 1-0

[Event "Titled Tue 3rd Jun Early"]
[Site "chess.com INT"]
[Date "2025.06.03"]
[Round "9"]
[White "Loskutova, Viktoriya"]
[Black "Moghaddamian, Afshin"]
[Result "1-0"]
[WhiteTitle "WFM"]
[BlackTitle "CM"]
[WhiteElo "2066"]
[BlackElo "2126"]
[WhiteFideId "34166278"]
[BlackFideId "12503886"]
[EventDate "2025.06.03"]

1. e4 c6 2. d4 d5 3. Nc3 dxe4 4. Nxe4 Nf6 5. Nxf6+ exf6 6. c3 Bd6 7. Bd3 O-O 8.
Ne2 Re8 9. Qc2 h5 10. Be3 Nd7 11. O-O-O Nf8 12. c4 Be6 13. Kb1 b5 14. c5 Bc7 15.
Nc3 b4 16. d5 Bg4 17. Ne2 cxd5 18. h3 Be6 19. Bb5 Re7 20. Nd4 Bd7 21. Nc6 Bxc6
22. Bxc6 Rb8 23. Rxd5 Qc8 24. Rxh5 Be5 25. Bd5 a5 26. c6 Qc7 27. Rd1 Rd8 28. Rh4
Bd6 29. Rg4 Re5 30. Bh6 g5 31. f4 Rxd5 32. Rxd5 Bxf4 33. Rxd8 Qxd8 34. g3 f5 35.
gxf4 fxg4 36. c7 Qc8 37. Bxf8 Kxf8 38. hxg4 gxf4 39. Qc5+ Kg7 40. Qd4+ Kg6 41.
Qd8 Qxg4 42. c8=Q Qg1+ 43. Qc1 1-0

[Event "Titled Tue 3rd Jun Early"]
[Site "chess.com INT"]
[Date "2025.06.03"]
[Round "9"]
[White "Gadzhiev, Ruslan"]
[Black "Kislinsky, Alexey"]
[Result "1-0"]
[WhiteTitle "CM"]
[BlackTitle "GM"]
[WhiteElo "2169"]
[BlackElo "2350"]
[WhiteFideId "55671926"]
[BlackFideId "14108801"]
[EventDate "2025.06.03"]

1. e4 c5 2. Nf3 Nc6 3. d4 cxd4 4. Nxd4 e5 5. Nb5 d6 6. N1c3 a6 7. Na3 b5 8. Nd5
Nf6 9. Bg5 Be7 10. Bxf6 Bxf6 11. c3 Bg5 12. Nc2 O-O 13. Be2 Rb8 14. O-O Ne7 15.
Ncb4 Bb7 16. Qd3 Nxd5 17. Nxd5 Kh8 18. Rad1 g6 19. Kh1 f5 20. Bf3 Bh6 21. Nb4
Rf6 22. exf5 a5 23. Bxb7 axb4 24. Be4 bxc3 25. bxc3 gxf5 26. Bxf5 Qc7 27. Be4 b4
28. cxb4 Rxb4 29. f3 Qb6 30. Rb1 Bf4 31. g3 Bg5 32. Rxb4 Qxb4 33. Rb1 Qa5 34.
Rb8+ Kg7 35. Rb7+ Kf8 36. Qc2 Qe1+ 37. Kg2 Qd2+ 38. Qxd2 Bxd2 39. Rxh7 Bb4 40.
Rb7 Bc5 41. a4 Bd4 42. Bd5 Bc3 43. Rb5 Rg6 44. a5 Rg7 45. Rb8+ Ke7 46. a6 Kf6
47. Rb7 Bd4 48. Rxg7 Kxg7 49. h4 Kf6 50. Kf1 Kf5 51. Ke2 Ba7 52. Kd3 Bf2 53. Kc4
Kf6 54. h5 Kg5 55. g4 Kh6 56. Kb5 Kg5 57. Kc6 Bc5 58. Kb7 e4 59. Bxe4 d5 60.
Bxd5 1-0

[Event "Titled Tue 3rd Jun Early"]
[Site "chess.com INT"]
[Date "2025.06.03"]
[Round "9"]
[White "Pribelszky, Bence"]
[Black "Haussernot, Cecile"]
[Result "0-1"]
[WhiteTitle "IM"]
[BlackTitle "WIM"]
[WhiteElo "2400"]
[BlackElo "2108"]
[WhiteFideId "769738"]
[BlackFideId "601632"]
[EventDate "2025.06.03"]

1. e4 e5 2. d3 Nf6 3. f4 d6 4. Nf3 Nc6 5. Be2 Bg4 6. O-O Bxf3 7. Bxf3 Nd4 8. Nc3
Qd7 9. Be3 Nxf3+ 10. Qxf3 Ng4 11. Bd2 exf4 12. Bxf4 Ne5 13. Qg3 Ng6 14. Be3 Be7
15. Nd5 Bh4 16. Qf3 c6 17. Nc3 Ne5 18. Qe2 Ng4 19. Bd2 Bf6 20. Rf4 Bd4+ 21. Kh1
h5 22. Raf1 f6 23. h3 O-O-O 24. Nd1 Be5 25. Rf5 g6 26. R5f3 Nh2 27. Rxf6 Nxf1
28. Rxf1 Rdf8 29. Be3 c5 30. c3 Rxf1+ 31. Qxf1 Qa4 32. Bg5 Qc2 33. Ne3 Qxb2 34.
Nd5 Bxc3 35. Qf7 Qb1+ 36. Kh2 Be5+ 37. g3 Qxa2+ 38. Kh1 Qa5 39. Be7 Qe1+ 40. Kg2
Qxg3+ 41. Kf1 Qxd3+ 42. Kg1 Qd1+ 43. Kg2 Qe2+ 44. Kg1 Bd4+ 45. Kh1 Qxe4+ 46. Kh2
Qe2+ 47. Kg3 h4+ 48. Kf4 Be5+ 49. Kg5 Qg2# 0-1

[Event "Titled Tue 3rd Jun Early"]
[Site "chess.com INT"]
[Date "2025.06.03"]
[Round "9"]
[White "Berikkyzy Alanna"]
[Black "Baturin-Vinogradov, Miroslav"]
[Result "1-0"]
[WhiteTitle "WFM"]
[BlackTitle "CM"]
[WhiteElo "2104"]
[BlackElo "2010"]
[WhiteFideId "13780719"]
[BlackFideId "55745741"]
[EventDate "2025.06.03"]

1. e4 e5 2. Nf3 Nc6 3. Bb5 a6 4. Ba4 Nf6 5. Qe2 b5 6. Bb3 Be7 7. c3 d6 8. O-O
O-O 9. d4 Bg4 10. Rd1 h6 11. h3 Bxf3 12. Qxf3 Re8 13. Be3 Bf8 14. Nd2 Qd7 15. a4
Reb8 16. Nf1 exd4 17. cxd4 Ne7 18. e5 Nh7 19. axb5 d5 20. Ng3 axb5 21. Qe2 c6
22. f4 f5 23. exf6 Nxf6 24. Bc2 Nc8 25. Bf5 Qe7 26. Qf3 Nd6 27. Bd3 Nde4 28.
Rac1 Ra2 29. Rxc6 Rxb2 30. f5 Rb3 31. Re6 Qc7 32. Nxe4 dxe4 33. Bxe4 Rd8 34. Bd3
Rxd3 35. Rxd3 Qc2 36. Rd1 Nd5 37. Rf1 Qc3 38. Bf2 Qxf3 39. gxf3 b4 40. Rb1 Nf4
41. Re4 Nxh3+ 42. Kg2 Ng5 43. Ree1 Nf7 44. Red1 Ng5 45. Be1 Rb8 46. d5 1-0

[Event "Titled Tue 3rd Jun Early"]
[Site "chess.com INT"]
[Date "2025.06.03"]
[Round "9"]
[White "Mateus, Martha"]
[Black "Elier, Ali"]
[Result "1-0"]
[WhiteTitle "WIM"]
[BlackTitle "CM"]
[WhiteElo "1963"]
[BlackElo "2142"]
[WhiteFideId "4401549"]
[BlackFideId "16217543"]
[EventDate "2025.06.03"]

1. d4 Nf6 2. c4 e5 3. dxe5 Ng4 4. e4 Nxe5 5. f4 Nec6 6. Nf3 Bc5 7. Nc3 d6 8. Na4
Bb4+ 9. Bd2 Bxd2+ 10. Qxd2 Qe7 11. Nc3 Bg4 12. Be2 Nd7 13. Nd5 Qd8 14. h3 Bxf3
15. gxf3 Ne7 16. Qc3 Nxd5 17. cxd5 Qf6 18. Qxc7 Qxb2 19. Kf2 Qb6+ 20. Qxb6 Nxb6
21. Rab1 Rc8 22. a4 Nxa4 23. Bb5+ Ke7 24. Bxa4 b6 25. Bc6 Rhf8 26. e5 f6 27.
Rhe1 fxe5 28. fxe5 Rf4 29. exd6+ Kxd6 30. Re6+ Kc5 31. Rc1+ Kd4 32. Re4+ Rxe4
33. fxe4 Kxe4 34. d6+ Ke5 35. d7 Rd8 36. Re1+ Kd6 37. Re8 Kc7 38. Ke3 a5 39. Kd4
g5 40. Bb5 h5 41. Ke4 g4 42. hxg4 hxg4 43. Kf4 Rxd7 44. Bxd7 Kxd7 45. Rg8 Kc6
46. Ke4 Kb5 47. Kd3 Ka4 48. Rxg4+ Ka3 49. Kc3 b5 50. Kc2 b4 51. Kb1 a4 52. Rf4
b3 53. Rc4 b2 54. Rc3+ Kb4 55. Kxb2 Kb5 56. Ka3 Ka5 57. Rc4 Kb5 58. Rb4+ 1-0

[Event "Titled Tue 3rd Jun Early"]
[Site "chess.com INT"]
[Date "2025.06.03"]
[Round "9"]
[White "Dann, Matthias"]
[Black "Vaganian, Rafael A"]
[Result "1-0"]
[WhiteTitle "IM"]
[BlackTitle "GM"]
[WhiteElo "2446"]
[BlackElo "2449"]
[WhiteFideId "24638056"]
[BlackFideId "13300016"]
[EventDate "2025.06.03"]

1. e4 e6 2. d4 d5 3. e5 c5 4. c3 Nc6 5. Nf3 Nh6 6. Bd3 cxd4 7. cxd4 Nf5 8. Bxf5
exf5 9. O-O Be6 10. Nc3 Be7 11. a3 Rc8 12. Re1 g5 13. Ne2 f4 14. Kh1 Qd7 15.
Nfg1 Bf5 16. Bd2 Nd8 17. Bc3 Ne6 18. Qd2 b6 19. Rac1 a5 20. Qd1 Qb5 21. Qd2 Qd3
22. Qxd3 Bxd3 23. g3 f3 24. Nxf3 Be4 25. Ng1 g4 26. Rxe4 dxe4 27. Nd2 Nxd4 28.
Nxe4 Nb5 29. Ne2 O-O 30. Kg2 Rfd8 31. h3 Rc4 32. f3 gxf3+ 33. Kxf3 Rd3+ 34. Kf4
Bc5 35. Re1 Be3+ 36. Kf5 Nxc3 37. N4xc3 Bd2 38. Rf1 Bxc3 39. bxc3 Rxg3 40. Nxg3
Rxc3 41. Nh5 Rxa3 42. Rc1 Kf8 43. Rc8+ Ke7 44. Rc7+ Kd8 45. Rxf7 Rf3+ 46. Ke6
Rxh3 47. Nf6 a4 48. Ra7 a3 49. Kf7 Rc3 50. e6 Rc7+ 51. e7+ Rxe7+ 52. Rxe7 b5 53.
Ra7 b4 54. Ra4 Kc7 55. Rxb4 Kc6 56. Ra4 Kc5 57. Rxa3 Kb4 58. Re3 Kc4 59. Nxh7
Kd4 60. Re6 Kd5 61. Kf6 Kd4 62. Re5 Kc4 63. Ke6 Kd4 64. Kd6 Kc4 65. Re4+ Kc3 66.
Kc5 Kd3 67. Re5 Kd2 68. Kc4 Kc2 69. Re2+ Kd1 70. Kd3 Kc1 71. Kc3 Kd1 72. Re3 Kc1
73. Re1# 1-0

[Event "Titled Tue 3rd Jun Early"]
[Site "chess.com INT"]
[Date "2025.06.03"]
[Round "9"]
[White "Mikhalsky, Vladimir"]
[Black "Perry, Patrick"]
[Result "1-0"]
[WhiteElo "2219"]
[BlackElo "2296"]
[WhiteFideId "14144352"]
[BlackFideId "30917727"]
[EventDate "2025.06.03"]

1. d4 Nf6 2. c4 c5 3. d5 e6 4. Nc3 exd5 5. cxd5 d6 6. e4 Nbd7 7. Nf3 g6 8. Bf4
a6 9. a4 Qe7 10. Bd3 Bg7 11. O-O O-O 12. Re1 Nh5 13. Bg5 Qe8 14. g4 Nhf6 15. h3
h6 16. Bh4 Ne5 17. Nxe5 Qxe5 18. Bg3 Qd4 19. Bxd6 Re8 20. Bc2 Qb4 21. Rb1 Nh7
22. e5 Ng5 23. Kg2 h5 24. Ne4 Nxh3 25. Bxc5 Qa5 26. b4 Qd8 27. Nf6+ Bxf6 28.
exf6 Bxg4 29. Qd4 Qc7 30. d6 Qc6+ 31. Be4 Nf4+ 32. Kg3 Rxe4 33. Qxe4 Qxe4 34.
Rxe4 Bf5 35. Kxf4 Bxe4 36. Kxe4 Re8+ 37. Kd5 Rd8 38. Re1 g5 39. Bb6 Rd7 40. Re7
Rxd6+ 41. Kxd6 Kh7 42. Ke5 Kg6 43. Re8 h4 44. Rg8+ Kh7 45. Rg7+ Kh6 46. Rxf7 h3
47. Rf8 h2 48. Rh8+ Kg6 49. Rxh2 a5 50. bxa5 g4 51. Rg2 Kf7 52. Rxg4 Kf8 53.
Bc5+ Ke8 54. Ke6 Kd8 55. Rg7 b6 56. Bxb6+ Kc8 57. f7 Kb8 58. f8=R# 1-0

[Event "Titled Tue 3rd Jun Early"]
[Site "chess.com INT"]
[Date "2025.06.03"]
[Round "9"]
[White "Pulido Alvarez, Ariel"]
[Black "Sapocinic, Semion"]
[Result "0-1"]
[WhiteTitle "FM"]
[BlackTitle "FM"]
[WhiteElo "2252"]
[BlackElo "2309"]
[WhiteFideId "3503011"]
[BlackFideId "13908693"]
[EventDate "2025.06.03"]

1. e4 e5 2. Nf3 Nc6 3. Bb5 a6 4. Ba4 Nf6 5. d3 d6 6. c3 Be7 7. O-O O-O 8. Nbd2
Re8 9. Re1 Bf8 10. h3 h6 11. Nf1 b5 12. Bb3 Be6 13. Ng3 d5 14. a4 dxe4 15. dxe4
Qxd1 16. Bxd1 Bc5 17. Be2 Bc4 18. Bxc4 bxc4 19. a5 Nd8 20. Ra4 Nb7 21. Rxc4 Bd6
22. b4 Rec8 23. Nf5 h5 24. Bg5 Ne8 25. Rd1 f6 26. Be3 g6 27. Nxd6 Nexd6 28. Rc6
Nd8 29. Rcxd6 cxd6 30. Rxd6 Kg7 31. Rd7+ Nf7 32. Bc5 Rd8 33. Rb7 Rdb8 34. Rd7
Rd8 35. Rb7 Rd3 36. c4 Rc3 37. b5 Rxc4 38. Bb6 axb5 39. Nd2 Rc2 40. Nb3 b4 41.
Nc5 Rc1+ 42. Kh2 Rc3 43. a6 b3 44. a7 b2 45. Ne6+ Kh6 46. Be3+ g5 47. Rxb2 Rxe3
48. fxe3 Rxa7 49. Nc5 Kg6 50. Rb6 Rc7 51. Ne6 Rc3 52. Nf8+ Kg7 53. Nd7 Rxe3 54.
Nxf6 h4 55. Nh5+ Kf8 56. Nf6 Rd3 57. Nd5 Rd4 0-1

[Event "Titled Tue 3rd Jun Early"]
[Site "chess.com INT"]
[Date "2025.06.03"]
[Round "9"]
[White "Gunawardhana, Devindya Oshini"]
[Black "Aarit Kapil"]
[Result "0-1"]
[WhiteTitle "WIM"]
[BlackTitle "CM"]
[WhiteElo "2068"]
[BlackElo "2098"]
[WhiteFideId "29941482"]
[BlackFideId "33408947"]
[EventDate "2025.06.03"]

1. Nf3 Nf6 2. g3 g6 3. Bg2 Bg7 4. O-O O-O 5. d4 d6 6. c3 Nbd7 7. Nbd2 c5 8. e4
cxd4 9. cxd4 e5 10. Re1 Re8 11. Nc4 Qc7 12. b3 b5 13. Ncd2 Bb7 14. Bb2 a5 15.
Rc1 Qb6 16. a4 bxa4 17. Nc4 Qa6 18. dxe5 dxe5 19. Nfxe5 Nxe5 20. Nxe5 Red8 21.
Qf3 Qe6 22. bxa4 Nxe4 23. Rxe4 f5 24. Bh3 Re8 25. Rc7 Bxe4 26. Rxg7+ Kxg7 27.
Ng4+ Kf7 28. Nh6+ Ke7 29. Qa3+ Kd7 30. Bf1 Rab8 31. Bb5+ Rxb5 32. axb5 Bd5 33.
Qe3 Qxe3 34. fxe3 Rxe3 35. Bd4 Rb3 36. b6 a4 37. g4 a3 38. gxf5 gxf5 39. Nxf5 a2
40. Ne3 Rxe3 0-1

[Event "Titled Tue 3rd Jun Early"]
[Site "chess.com INT"]
[Date "2025.06.03"]
[Round "9"]
[White "Klepek, Witold"]
[Black "Injac, Teodora"]
[Result "0-1"]
[WhiteTitle "CM"]
[BlackTitle "IM"]
[WhiteElo "2253"]
[BlackElo "2474"]
[WhiteFideId "1175068"]
[BlackFideId "932400"]
[EventDate "2025.06.03"]

1. c4 c5 2. Nf3 Nc6 3. g3 g6 4. d4 cxd4 5. Nxd4 Bg7 6. Nb3 d6 7. Bg2 h5 8. O-O
h4 9. Nc3 Nf6 10. Bg5 hxg3 11. hxg3 Bh3 12. Bxh3 Rxh3 13. Kg2 Rh5 14. Bxf6 Bxf6
15. Rh1 Rxh1 16. Qxh1 Qd7 17. Qh3 Bxc3 18. Qxd7+ Kxd7 19. bxc3 b6 20. Rh1 Rc8
21. Rh7 Ke6 22. f4 f5 23. g4 fxg4 24. e3 Na5 25. Nd4+ Kf6 26. Kg3 Nxc4 27. e4
Nd2 28. e5+ dxe5 29. fxe5+ Kxe5 30. Rxe7+ Kf6 31. Rxa7 Rxc3+ 32. Kf2 Ne4+ 33.
Ke2 g3 34. Nf3 g2 35. Ng1 Rc1 36. Nh3 Rh1 37. Kf3 Rxh3+ 38. Kxg2 Rd3 39. Rb7 Rd6
40. a4 Nc5 41. Ra7 g5 42. a5 bxa5 43. Rxa5 Ne4 44. Kf3 Re6 45. Kg2 Re5 46. Ra8
Kf5 47. Kh3 g4+ 48. Kg2 Kf4 0-1

[Event "Titled Tue 3rd Jun Early"]
[Site "chess.com INT"]
[Date "2025.06.03"]
[Round "9"]
[White "Heymann, Samuel"]
[Black "Golsta, Madara"]
[Result "1-0"]
[WhiteTitle "CM"]
[WhiteElo "2226"]
[BlackElo "1999"]
[WhiteFideId "4645707"]
[BlackFideId "11607386"]
[EventDate "2025.06.03"]

1. c4 c5 2. g3 g6 3. Bg2 Bg7 4. Nc3 Nc6 5. a3 e6 6. Rb1 Nge7 7. b4 cxb4 8. axb4
d5 9. cxd5 exd5 10. b5 Nd4 11. Nf3 O-O 12. O-O a6 13. b6 Bd7 14. e3 Nb5 15. Na4
Nc8 16. Qb3 Be6 17. Bb2 d4 18. Qd3 dxe3 19. Qxd8 exf2+ 20. Rxf2 Rxd8 21. Bxg7
Kxg7 22. Ng5 Rd7 23. Nxe6+ fxe6 24. Re1 Nd4 25. Nc5 Rd6 26. Bxb7 Rb8 27. Bxa6
Rdxb6 28. Bc4 Rb2 29. Nxe6+ Nxe6 30. Rxe6 Nb6 31. d3 Rc8 32. Re7+ Kh6 33. Be6
Rc1+ 34. Kg2 Rxf2+ 35. Kxf2 Rc2+ 36. Kg1 Na4 37. Bc4 Nc3 38. Bg8 Ne2+ 39. Kf1
Nd4 40. h4 Kh5 41. Rxh7+ Kg4 42. Rg7 Kf3 43. Rf7+ Kg4 44. Rf6 Kxg3 45. Rxg6+ Kf3
46. Kg1 Ke3 47. Rg3+ Kf4 48. Rg2 1-0

[Event "Titled Tue 3rd Jun Early"]
[Site "chess.com INT"]
[Date "2025.06.03"]
[Round "9"]
[White "Sabatier, Mathis"]
[Black "Krishna, C R G"]
[Result "0-1"]
[WhiteTitle "CM"]
[BlackTitle "IM"]
[WhiteElo "2235"]
[BlackElo "2453"]
[WhiteFideId "26029685"]
[BlackFideId "5018625"]
[EventDate "2025.06.03"]

1. e4 d6 2. d4 Nf6 3. Nd2 e5 4. c3 Nc6 5. Ngf3 g6 6. Bd3 Bg7 7. O-O O-O 8. h3
Nh5 9. Nb3 h6 10. Re1 Nf4 11. Bxf4 exf4 12. Qd2 g5 13. Nh2 Ne7 14. e5 dxe5 15.
dxe5 Nc6 16. Nf3 b6 17. Rad1 Bb7 18. Qe2 Qe7 19. Qe4 Rfd8 20. Qh7+ Kf8 21. Nbd4
Nxd4 22. Nxd4 Rxd4 23. cxd4 Rd8 24. Bc4 Qb4 25. b3 b5 26. Bxf7 Kxf7 27. e6+ Kf6
28. e7 Re8 29. d5 Rxe7 30. Re6+ Rxe6 31. dxe6 Bc6 32. Qg8 Qf8 33. Qh7 Qe7 34.
Re1 Bd5 35. Qd3 Bxe6 36. Qd4+ Kf7 37. Qxa7 Qd6 38. Qb7 Bd4 39. Qe4 Qd5 40. Qh7+
Bg7 41. Qc2 c5 42. Rd1 Qc6 43. Qd3 c4 44. bxc4 bxc4 45. Qd8 c3 46. Qb8 c2 47.
Qa7+ Kg6 48. Rc1 Bb2 49. Rxc2 Qxc2 50. Qb6 Qe2 51. a4 f3 0-1

[Event "Titled Tue 3rd Jun Early"]
[Site "chess.com INT"]
[Date "2025.06.03"]
[Round "9"]
[White "Dambaev, Dashi"]
[Black "Souleidis, Georgios"]
[Result "0-1"]
[WhiteTitle "CM"]
[BlackTitle "IM"]
[WhiteElo "2211"]
[BlackElo "2418"]
[WhiteFideId "55628494"]
[BlackFideId "4206827"]
[EventDate "2025.06.03"]

1. d4 d5 2. c4 dxc4 3. e3 e6 4. Bxc4 Nf6 5. Nf3 a6 6. O-O c5 7. dxc5 Bxc5 8.
Qxd8+ Kxd8 9. Rd1+ Ke7 10. Be2 b5 11. Ne5 Bb7 12. Nd3 Bd6 13. f3 Nbd7 14. e4 Ne5
15. Be3 Nxd3 16. Bxd3 Nd7 17. Nd2 Bc5 18. Kf2 Rhc8 19. Rac1 g5 20. h4 h6 21. Nb3
Bxe3+ 22. Kxe3 Rab8 23. Be2 f5 24. hxg5 hxg5 25. Rxc8 Rxc8 26. Rh1 Rc2 27. Rh7+
Kd6 28. exf5 exf5 29. Nd4 Rxb2 30. Nxf5+ Ke6 31. Nd4+ Kd6 32. Nf5+ Kc7 33. Bd3
Rxa2 34. Nd4 Ra3 35. Kd2 Kd6 36. Bxb5 Ra2+ 37. Ke3 axb5 38. Nxb5+ Kc6 39. Nd4+
Kc7 40. Ne6+ Kd6 41. Nxg5 Rxg2 42. Ne4+ Bxe4 43. fxe4 Rg1 44. Rh6+ Ke7 0-1

[Event "Titled Tue 3rd Jun Early"]
[Site "chess.com INT"]
[Date "2025.06.03"]
[Round "9"]
[White "Heimann, Alexander"]
[Black "Rustemov, Alexander"]
[Result "1/2-1/2"]
[BlackTitle "GM"]
[WhiteElo "2238"]
[BlackElo "2525"]
[WhiteFideId "2006073"]
[BlackFideId "4119002"]
[EventDate "2025.06.03"]

1. d4 d5 2. Nf3 Nf6 3. Bf4 c5 4. c3 Nc6 5. e3 Bg4 6. Be2 e6 7. O-O Be7 8. Nbd2
O-O 9. h3 Bh5 10. Ne5 Bxe2 11. Qxe2 Rc8 12. Rfd1 Qb6 13. Rab1 Rfd8 14. a4 a6 15.
dxc5 Qxc5 16. Nxc6 Qxc6 17. Ra1 h6 18. Be5 Nd7 19. Bg3 Nc5 20. a5 Qb5 21. Qxb5
axb5 22. Be5 Nd3 23. Bd4 Ra8 24. Ra2 Rdc8 25. Nf3 Nc5 26. Bxc5 Bxc5 27. Nd4 b4
28. Nb5 bxc3 29. bxc3 Be7 30. Rb1 Ra6 31. g4 g6 32. Rb3 Kg7 33. Nd4 Rc7 34. Rab2
Rxa5 35. Rxb7 Ra7 36. Rxa7 Rxa7 37. Rc2 Rc7 38. Kf1 Bf6 39. Ke2 Bxd4 40. exd4
Kf6 41. Kd3 Kg5 42. Ke3 Kh4 43. Kf4 Kxh3 44. g5 h5 45. f3 h4 46. Rc1 Kg2 47.
Rc2+ Kf1 48. Kg4 Ke1 49. Rh2 Rxc3 50. Rxh4 Rc4 51. Kg3 Ke2 52. Rh7 Rc7 53. Kf4
Rc3 54. Rh2+ Kd3 55. Ke5 Rc1 56. Kf6 Rf1 57. Kxf7 Rxf3+ 58. Kxe6 Kxd4 59. Rh6
Re3+ 60. Kd6 Ra3 61. Rh4+ Kc3 62. Kxd5 Ra5+ 63. Ke6 Rxg5 64. Kf6 Rg1 65. Re4 Kd3
66. Re5 Kd4 67. Rg5 Rxg5 68. Kxg5 Ke5 69. Kxg6 1/2-1/2

[Event "Titled Tue 3rd Jun Early"]
[Site "chess.com INT"]
[Date "2025.06.03"]
[Round "9"]
[White "Deveci, Huseyin Said"]
[Black "Swara Lakshmi S Nair"]
[Result "0-1"]
[WhiteTitle "CM"]
[BlackTitle "WCM"]
[WhiteElo "2212"]
[BlackElo "2178"]
[WhiteFideId "26322455"]
[BlackFideId "25629239"]
[EventDate "2025.06.03"]

1. e4 c5 2. Nf3 d6 3. c3 Nf6 4. d3 Bg4 5. Be2 Nc6 6. O-O e6 7. Re1 Be7 8. Bf4
O-O 9. Nbd2 d5 10. exd5 Nxd5 11. Bg3 Bf6 12. Ne4 Be7 13. h3 Bh5 14. a4 Qb6 15.
Qc2 Rac8 16. Nfd2 Bxe2 17. Rxe2 Rfd8 18. Nc4 Qa6 19. Ne5 Nf6 20. Ng5 Nxe5 21.
Bxe5 Qxd3 22. Qxd3 Rxd3 23. a5 Rcd8 24. Ra4 h6 25. Bxf6 Bxf6 26. Ne4 Be5 27. g3
b6 28. axb6 axb6 29. Ra6 Bc7 30. Ra7 R8d7 31. Kg2 f5 32. Nd2 Rxd2 33. Rxd2 Rxd2
34. Rxc7 Rxb2 35. Kf3 Rc2 36. h4 Rxc3+ 37. Kf4 Rc4+ 38. Ke5 Re4+ 39. Kd6 Re2 40.
h5 e5 41. Ke6 f4 42. g4 Rxf2 43. Kf5 Kh7 44. Kxe5 f3 45. Kf4 Rf1 46. Rc6 f2 47.
Kg3 Rg1+ 48. Kxf2 Rxg4 49. Rxb6 Rg5 50. Kf3 Rxh5 51. Rc6 Rg5 52. Kf4 Kg8 53. Rc7
Kf8 54. Rc8+ Kf7 55. Rc7+ Kg6 56. Rc6+ Kh5 57. Rc7 Rg4+ 58. Kf5 c4 59. Rc5 Rg5+ 0-1

[Event "Titled Tue 3rd Jun Early"]
[Site "chess.com INT"]
[Date "2025.06.03"]
[Round "9"]
[White "Sobek, Jaroslav"]
[Black "Stefanov, Plamen"]
[Result "0-1"]
[WhiteTitle "FM"]
[WhiteElo "2195"]
[BlackElo "1982"]
[WhiteFideId "301388"]
[BlackFideId "2900980"]
[EventDate "2025.06.03"]

1. d4 Nf6 2. c4 c5 3. d5 b5 4. cxb5 a6 5. e3 g6 6. Nc3 axb5 7. Bxb5 Ba6 8. Bxa6
Nxa6 9. Nf3 Bg7 10. O-O d6 11. e4 O-O 12. Re1 Qa5 13. e5 dxe5 14. Nxe5 Qc7 15.
Nc4 Rfd8 16. Bg5 Nb4 17. Ne3 h6 18. Bxf6 Bxf6 19. a3 Nc6 20. Rc1 Nd4 21. Ne4 Qb6
22. Rxc5 Qxb2 23. Nxf6+ exf6 24. Rc4 Ne6 25. Qc1 Qxc1 26. Rexc1 Nf4 27. R1c2
Nxd5 28. Nxd5 Rxd5 29. Rc8+ Rxc8 30. Rxc8+ Kg7 31. Rc1 Ra5 32. Ra1 f5 33. Kf1
Kf6 34. Ke2 Ke5 35. Kd3 Kd5 36. Kc3 Kc5 37. Kb3 f4 38. Re1 Rb5+ 39. Kc3 f6 40.
Re6 Ra5 41. Kb3 Rb5+ 42. Ka2 Rb6 43. Rxf6 Rxf6 44. Kb3 Kb5 45. Kc3 Ka4 46. Kd4
Kxa3 47. Ke5 Rf8 48. f3 Kb3 49. Ke6 Kc3 50. Ke7 Rf5 51. g4 fxg3 52. hxg3 Rxf3 0-1